01067 2200193 4500001002100000005001500021035002000036008004100056245003000097100001200127250000600139260003000145300001200175084001400187082000800201650001000209520064200219990001200861INLIS00000000000103220240527123106 a0010-0524000267240527 1 ind 1 aCall Me Miss J /cOrizuka aOrizuka a1 aYogyakarta :bTeen,c2013 a332 hlm a813 ORI c a813 4aFiksi aNovel ini menceritakan kisah perjuangan seorang remaja dalam melalui kehidupan SMA-nya, dan juga saat ia merasakan perasaan yang bernama cinta. Ia bernama Azalea atau yang biasa disapa Lea, ia mempunyai wajah berjerawat dan diberi julukan Miss J oleh musuhnya. Orizuka memberikan alur cerita yang santai dan ringan sehingga mudah untuk dibaca dan dinikmati. Alur cerita buku ini mengalir dengan baik, mulai dari perkenalan masing-masing karakter, latar belakang karakter, dan hubungan antar karakter. Karakter-karakter yang ditampilkan juga menyenangkan. Selain itu, keberadaan seluruh karakternya sangat mendukung perkembangan kisahnya. a0744010